000 00263nam a2200109Ia 4500
008 230907s9999||||xx |||||||||||||| ||und||
082 _a621.319,BUC
100 _aBuchholz, Bernd M.,
_9115118
245 0 _aSmart grids :
300 _axx, 396 pages :
942 _cBK
999 _c597621
_d597621